Statistics for Football Players Nationalities

Click here to take the quiz!

General Stats

  • This quiz has been taken 22 times
    (21 since last reset)
  • The average score is 28 of 40

Answer Stats

PlayerNation% Correct
TavernierEngland
95%
RaffaelBrazil
90%
VestergaardDenmark
90%
OkakaItaly
90%
HateboerNetherlands
90%
ElyounoussiNorway
90%
AugustinssonSweden
90%
NkoulouCameroon
81%
UnnerstallGermany
81%
Troost-EkongNigeria
81%
SnodgrassScotland
81%
SorianoSpain
81%
DonsahGhana
76%
OrbanHungary
76%
PodencePortugal
76%
DzhikiyaRussia
76%
SarrSenegal
76%
AbrahamArgentina
71%
FabraColombia
71%
BambaIvory Coast
71%
LayúnMexico
71%
JoveticMontenegro
71%
DemiralTurkey
71%
AtalAlgeria
67%
LinettyPoland
67%
RosalesVenezuela
67%
StrakoshaAlbania
62%
MaripánChile
62%
MarianoDominican Republic
62%
KlavanEstonia
62%
RingFinland
62%
DaridaCzech Republic
57%
HaritMorocco
57%
KhuneSouth Africa
57%
RashicaKosovo
52%
SaracchiUruguay
52%
GhoddosIran
48%
SkhiriTunisia
48%
SamattaTanzania
38%
DjenéTogo
38%

Score Distribution

Percentile by Number Answered

Percent of People with Each Score

Your Score History

You have not taken this quiz since the last reset